Open Data Biblioteca Nacional de Portugal


República Portuguesa: Ministério da Cultura
Biblioteca Nacional de Portugal

Catálogo da BNP: acesso por Identificadores Unívocos
Registos Bibliográficos associados ao registo de autoridade

Etiqueta de registo: 00000nam 2200025 450
001 2163242
003 http://id.bnportugal.gov.pt/bib/catbnp/2163242
100 ## $a20240408d2023 k y0pory01030103ba
101 0# $apor$dmul
102 ## $aPT
105 ## $aa m 000yy
106 ## $ar
200 1# $aD. Luís Filipe, Portugal e o mar (1887-1908)$erelações e importância$fTiago Daniel Serra Felgueiras da Canhota$gorient. Maria Rosário da Costa Bastos, Olegário Nelson Azevedo Pereira
210 #9 $a[S.l.$cs.n.],$d2023
215 ## $a450 p.$cil.$d30 cm
328 #1 $aTese dout. História (Representações, Poderes e Práticas Culturais), Univ. Aberta, 2023
532 12 $aDom Luís Filipe, Portugal e o mar (1887-1908)
675 ## $a94(469)"1887/1908"(043)$vBN$zpor$31916324
675 ## $a929.7Luís Filipe, Príncipe de Portugal(043)$vBN$zpor$31916325
675 ## $a910.4(469+6)"1887/1908"(091)(043)$vBN$zpor$31916328
700 #1 $aCanhota,$bTiago Daniel Serra Felgueiras da$31912733
702 #1 $aPereira,$bOlegário Nelson Azevedo$4727$31912734
702 #1 $aBastos,$bMaria Rosário da Costa,$f1966-$4727$3124031
801 #0 $aPT$bBN$gRPC
856 40 $2Cópia digital disponível no Repositório Aberto - Universidade Aberta$uhttp://hdl.handle.net/10400.2/15637
966 ## $lBN$mFGMON$sH.G. 86943 V.$x1
971 ## $ccsilva$d20240408
972 ## $e0$z0$d20240528$viquintas
973 ## $ctrodrigues$d20240517

Etiqueta de registo: 00254nam 2200025 450
001 2287262
003 http://id.bnportugal.gov.pt/bib/catbnp/2287262
010 ## $a978-989-9237-32-2
021 ## $aPT$b546067$z546068/25
100 ## $a20260529d2025 m y0pory01030103ba
101 0# $apor
102 ## $aPT
105 ## $ay z 000yy
106 ## $ar
200 1# $a A (s) memória(s) do Concelho de Torre de Moncorvo através do bilhete-postal ilustrado$fcoord. Tiago Felgueiras da Canhota$gautores Tiago Felgueiras da Canhota ... [et al.]$grev. de texto Gabriel Teixeira
210 #9 $aCarviçais$cLema d'Artes Gráficas,$d2025
215 ## $a189, [3] p.$cil.$d14 cm
225 2# $aArtes
702 #1 $aCanhota,$bTiago Daniel Serra Felgueiras da$4340$31912733
702 #1 $aTeixeira,$bGabriel$4640$31999739
801 #0 $aPT$bBN$gRPC
966 ## $lBN$mFGMON$pF07647$x1
966 ## $lBN$mFGMON$x1
971 ## $cjbeatriz$d20260529

OpendataBNP@bnportugal.pt | Mais informação sobre acesso aos dados BNP